Boston Celtics Current Roster 2025-2026 Season - Statistics

General Stats
  • This quiz has been taken 76 times
    44 since last reset
  • The average score is 11 of 17
Answer Stats
# Player % Correct
7 Jaylen Brown
100%
0 Jayson Tatum
100%
9 Derrick White
97%
11 Payton Pritchard
91%
52 Luka Garza
84%
4 Nikola Vučević
75%
27 Jordan Walsh
69%
30 Sam Hauser
66%
55 Baylor Scheierman
63%
88 Neemias Queta
59%
28 Hugo González
56%
77 Amari Williams
47%
13 Ron Harper Jr.
47%
44 Max Shulga
38%
99 Chris Boucher
25%
26 Xavier Tillman
22%
8 Josh Minott
19%
No matching quizzes found
Score Distribution
Percent of People with Each Score
Percentile by Number Answered
Your Score History
You have not taken this quiz since the last reset